000 00420nam a2200181Ia 4500
001 3633
005 20260306145657.0
008 260306t2013||||xx |||||||||||||| ||spa||
041 _aESP
082 _a301
_bA94
100 _aAyllón, José Ramon
_eAUT
245 0 _aAntropología:
_bpaso a paso
260 _c2013
300 _a251 páginas :
_c21 cm.
650 _aGEN
654 _aCHU
942 _cLIB
_dJUS
_fJUS
_2ddc
_n
999 _c3633
_d3633